Los dioses tienen sed (Registro nro. 51272)
[ vista simple ]
| 000 -ENCABEZADO | |
|---|---|
| Número de control [NR] | 00819nam a2200253Ia 4500 |
| 005 - FECHA Y HORA DE LA ÚLTIMA TRANSACCIÓN | |
| control field | 20211111074506.0 |
| 008 - DE LONGITUD FIJA DE DATOS DE ELEMENTOS - INFORMACIÓN GENERAL | |
| Elementos de longitud fija [NR] | 130821s1996 mx gr spa |
| 020 ## - NUMERO INTERNACIONAL NORMALIZADO PARA LIBROS [R] | |
| Número Internacional Normalizado del libro [NR] | 9684328354 |
| 040 ## - FUENTE DE CATALOGACION [NR] | |
| Agencia de catalogación original [NR] | Co-BoUCM |
| Idioma de catalogación [NR] | spa |
| 041 00 - CODIGO DE IDIOMA [R] | |
| Código de idioma para texto/pista de sonido o título separado [R] | Español |
| 100 1# - ASIENTO PRINCIPAL--NOMBRE PERSONAL [NR] | |
| Nombre personal [NR] | France, Anatole |
| Fechas asociadas con el nombre [NR] | 1844-1924 |
| ID Autoridad | 51924 |
| 245 13 - MENCION DE TITULO [NR] | |
| Título [NR] | Los dioses tienen sed |
| Mención de responsabilidad, etc. [NR] | Anatole France |
| 250 ## - MENCION DE EDICION [NR] | |
| Mención de edición [NR] | 2a. Ed. |
| 260 ## - PUBLICACION, DISTRIBUCION, ETC. (PIE DE IMPRENTA) [R] | |
| Lugar de publicación, distribución, etc. [R] | México D.F. (México) |
| Nombre del editor, distribuidor, etc. [R] | Editorial Porrúa |
| Fecha de publicación, distribución, etc. [R] | 1996 |
| 300 ## - DESCRIPCION FISICA [R] | |
| Extensión [R] | 267 páginas |
| 501 ## - NOTA DE “CON” [R] | |
| Nota de “Con” [NR] | La rebelión de los Angeles |
| -- | Anatole France. |
| 586 ## - NOTA DE PREMIOS [R] | |
| Nota de premios [NR] | Premio Nobel de Literatura, 1921. |
| 650 04 - ASIENTO SECUNDARIO DE MATERIA - TERMINO TEMATICO [R] | |
| Término temático o nombre geográfico como elemento de entrada [NR] | Literatura europea |
| 9 (RLIN) | 26524 |
| 650 04 - ASIENTO SECUNDARIO DE MATERIA - TERMINO TEMATICO [R] | |
| Término temático o nombre geográfico como elemento de entrada [NR] | Literatura francesa |
| 9 (RLIN) | 7794 |
| 650 04 - ASIENTO SECUNDARIO DE MATERIA - TERMINO TEMATICO [R] | |
| Término temático o nombre geográfico como elemento de entrada [NR] | Novela francesa |
| 9 (RLIN) | 20506 |
| 700 ## - ASIENTO SECUNDARIO - NOMBRE PERSONAL [R] | |
| Nombre personal [NR] | Josserand, Pierre |
| Término de relación [R] | |
| 9 (RLIN) | 163125 |
| 942 ## - ELEMENTOS DE ENTRADA AGREGADOS (KOHA) | |
| Tipo de ítem principal el descrito en 300a | Libro |
| Tema principal | Literatura |
| Edición | 2 |
| Parte restante de la signatura top. | F815d |
| Sistema de clasificación | DEWEY |
| Clasificación | 843.912 |
| Fecha de último préstamo | Signatura topográfica | Código de barras | Última vez visto | Volúmen / Fascículo | Ejemplar | Price effective from | Tipo de ítem | Perdido | Sistema de clasificación | Dañado | No prestable | Tipo de ítem específico | Suprimido | Ubicación habitual | Ubicación actual | Localización | Fecha de creación | Forma de adquisición | Costo |
|---|---|---|---|---|---|---|---|---|---|---|---|---|---|---|---|---|---|---|---|
| 18/02/2007 | 843.912 F815d | 100081553 | 01/12/2025 | 2a. Ed. | Ej.1 | 03/02/2013 | Libro | DEWEY | Libro | Hospital Universitario Mayor | Hospital Universitario Mayor | 9no piso | 28/02/2013 | Compra | 18200.00 |